[Event "oibm_2008"]
[Site "Bad Wiessee"]
[Date "2008.11.05"]
[Round "5.37"]
[White "Hoffmann, Michael"]
[Black "Lopatin, Olga"]
[Result "1-0"]
[WhiteElo "2469"]
[BlackElo "2125"]
[PlyCount "67"]
[EventDate "2008.??.??"]
[WhiteTeamCountry "ESP"]

1. e4 c5 2. Nf3 a6 3. c3 b5 4. d4 e6 5. Bd3 Bb7 6. O-O Nc6 7. d5 Na5 8. Re1 Ne7
9. b4 cxb4 10. cxb4 Nc4 11. Bxc4 bxc4 12. Qd4 Rc8 13. Na3 Ng6 14. Nxc4 Bxb4 15.
Bd2 Rxc4 16. Qxc4 Bxd2 17. Nxd2 O-O 18. Rab1 exd5 19. exd5 Ba8 20. Nf3 Qa5 21.
Rbd1 Bb7 22. h4 h5 23. Qd3 Qxa2 24. Qf5 Qc4 25. Rd4 Qc7 26. Qxh5 Nf4 27. Qg5
Nxd5 28. Rxd5 Bxd5 29. Qxd5 a5 30. Ra1 Rb8 31. Ng5 Qf4 32. g3 Qf6 33. Rxa5 Rb1+
34. Kg2 1-0

[Event "oibm_2008"]
[Site "Bad Wiessee"]
[Date "2008.11.05"]
[Round "5.38"]
[White "Reefschläger, Helmut"]
[Black "Graf, Christian"]
[Result "1-0"]
[WhiteElo "2321"]
[BlackElo "2123"]
[PlyCount "71"]
[EventDate "2008.??.??"]
[WhiteTeamCountry "ESP"]

1. e4 c6 2. d4 d5 3. e5 Bf5 4. h4 h5 5. c4 e6 6. Nc3 Nd7 7. cxd5 cxd5 8. Bd3
Bxd3 9. Qxd3 Ne7 10. Nf3 Nc6 11. O-O Qb6 12. Bg5 a6 13. Nxd5 exd5 14. e6 Nf6
15. exf7+ Kxf7 16. Ne5+ Nxe5 17. dxe5 Rd8 18. exf6 gxf6 19. Be3 Qb4 20. Rac1
Rd7 21. Bd4 Bg7 22. Qf5 Qd6 23. Rfe1 b6 24. Bxb6 Rb7 25. Bc5 Qd8 26. Rc3 Rh6
27. Rg3 Kg8 28. Rge3 Rb8 29. Re7 Kh8 30. Bd4 Qg8 31. R1e6 Rf8 32. Rxa6 Re8 33.
Rxe8 Qxe8 34. Qxd5 Qe1+ 35. Kh2 Qb1 36. Be3 1-0

[Event "oibm_2008"]
[Site "Bad Wiessee"]
[Date "2008.11.05"]
[Round "5.39"]
[White "Löw, Gerald"]
[Black "Probst, Albert"]
[Result "1-0"]
[WhiteElo "2307"]
[BlackElo "2108"]
[PlyCount "63"]
[EventDate "2008.??.??"]
[WhiteTeamCountry "ESP"]

1. c4 g6 2. g3 Bg7 3. Bg2 d6 4. Nc3 e5 5. e4 Ne7 6. Nge2 O-O 7. O-O Nbc6 8. d3
f5 9. Nd5 fxe4 10. dxe4 Bg4 11. f3 Bd7 12. Be3 Nxd5 13. cxd5 Na5 14. b3 c5 15.
dxc6 Bxc6 16. Nc3 b6 17. Qd2 Nb7 18. b4 Rf7 19. Rfd1 Qf8 20. Rac1 Rd8 21. a3
Bd7 22. Qd5 Bc8 23. Nb5 Qe8 24. Nxa7 Be6 25. Qc6 Bb3 26. Qxe8+ Rxe8 27. Rd3 Nc5
28. bxc5 Rxa7 29. cxb6 Rxa3 30. b7 Kf7 31. Rb1 Bc2 32. Rxa3 1-0

[Event "oibm_2008"]
[Site "Bad Wiessee"]
[Date "2008.11.05"]
[Round "5.40"]
[White "Graf, Felix"]
[Black "Demir, Bilal"]
[Result "1-0"]
[WhiteElo "2287"]
[BlackElo "2104"]
[PlyCount "59"]
[EventDate "2008.??.??"]
[WhiteTeamCountry "ESP"]

1. d4 f5 2. Nc3 Nf6 3. Bg5 d5 4. e3 e6 5. Nf3 Be7 6. Ne5 Nbd7 7. Bxf6 Bxf6 8.
f4 Bxe5 9. fxe5 Nf8 10. Bd3 Bd7 11. Qf3 Qe7 12. Bxf5 exf5 13. Nxd5 Bc6 14. Qh5+
g6 15. Nxe7 gxh5 16. Nxc6 bxc6 17. O-O Ne6 18. Rxf5 Ke7 19. Raf1 Raf8 20. Rxh5
Rb8 21. b3 a5 22. Rh6 a4 23. Rff6 Nd8 24. Kf2 axb3 25. axb3 Rb6 26. Kf3 Nf7 27.
Rh5 h6 28. h4 c5 29. Rhf5 Rxf6 30. exf6+ 1-0

[Event "oibm_2008"]
[Site "Bad Wiessee"]
[Date "2008.11.06"]
[Round "6.11"]
[White "Farago, Ivan"]
[Black "Skembris, Spyridon"]
[Result "1-0"]
[WhiteElo "2489"]
[BlackElo "2422"]
[PlyCount "95"]
[EventDate "2008.??.??"]
[WhiteTeam "SF Deizisau"]
[BlackTeam "SK Doppelbauer Kiel"]

1. d4 Nf6 2. c4 e6 3. Nf3 Bb4+ 4. Bd2 c5 5. Bxb4 cxb4 6. Qd3 O-O 7. e4 d6 8.
Nbd2 Nc6 9. Be2 e5 10. d5 Ne7 11. O-O Nd7 12. a3 Nc5 13. Qe3 Qb6 14. Nb3 Nxb3
15. Qxb3 bxa3 16. Qxa3 Bg4 17. b4 f5 18. c5 Qd8 19. h3 Bxf3 20. Bxf3 Kh8 21.
Rfd1 Rf6 22. Qa5 fxe4 23. Bxe4 Qd7 24. c6 Qc8 25. cxb7 Qxb7 26. Rdc1 Ng8 27.
Rc7 Qb8 28. b5 Rf8 29. Bd3 Nf6 30. Rxa7 Rxa7 31. Qxa7 Nxd5 32. Ra6 Qd8 33. Bc4
Nf4 34. Bf1 Nd5 35. b6 Nb4 36. Ra4 Nc6 37. Qc7 Nb8 38. Qxd8 Rxd8 39. Bb5 h6 40.
Rc4 Kg8 41. Rc7 Kf8 42. Kf1 d5 43. Ke2 Kg8 44. b7 Rf8 45. Rc5 Rf7 46. Rc8+ Rf8
47. Be8 Na6 48. Ra8 1-0

[Event "oibm_2008"]
[Site "Bad Wiessee"]
[Date "2008.11.06"]
[Round "6.9"]
[White "Arnaudov, Petar G"]
[Black "Jaracz, Pawel"]
[Result "1/2-1/2"]
[WhiteElo "2344"]
[BlackElo "2513"]
[PlyCount "20"]
[EventDate "2008.??.??"]

1. d4 Nf6 2. c4 e6 3. Nf3 d5 4. Nc3 c6 5. Bg5 Be7 6. e3 O-O 7. Bd3 b6 8. cxd5
Nxd5 9. Bxe7 Qxe7 10. Rc1 Nb4 1/2-1/2

[Event "oibm_2008"]
[Site "Bad Wiessee"]
[Date "2008.11.06"]
[Round "6.10"]
[White "Aepfler, Christian"]
[Black "Handke, Florian"]
[Result "1/2-1/2"]
[WhiteElo "2317"]
[BlackElo "2498"]
[PlyCount "62"]
[EventDate "2008.??.??"]

1. e4 c5 2. c3 Nf6 3. e5 Nd5 4. Nf3 e6 5. d4 cxd4 6. cxd4 d6 7. Bc4 Nb6 8. Bd3
dxe5 9. dxe5 Na6 10. O-O Nc5 11. Bc2 Qxd1 12. Rxd1 Nd5 13. Bd2 Bd7 14. Nc3 Nb4
15. Bb1 Nbd3 16. Bc1 Nxc1 17. Rxc1 b6 18. b4 Na6 19. a3 f5 20. Ne2 g6 21. Bd3
Nb8 22. Nfd4 a5 23. Bc4 axb4 24. axb4 Rxa1 25. Rxa1 Bxb4 26. Nxe6 Bxe6 27. Bxe6
Ke7 28. Bb3 Nc6 29. Nf4 Bc5 30. Nd5+ Ke6 31. Nxb6+ Kxe5 1/2-1/2

[Event "oibm_2008"]
[Site "Bad Wiessee"]
[Date "2008.11.06"]
[Round "6.13"]
[White "Mainka, Romuald"]
[Black "Forchert, Martin"]
[Result "1/2-1/2"]
[WhiteElo "2482"]
[BlackElo "2385"]
[PlyCount "61"]
[EventDate "2008.??.??"]

1. e4 Nf6 2. e5 Nd5 3. d4 d6 4. Nf3 dxe5 5. Nxe5 c6 6. Bc4 Bf5 7. Nd2 Nd7 8.
Ndf3 Nxe5 9. Nxe5 e6 10. Bb3 Bd6 11. Qe2 h6 12. O-O O-O 13. c4 Nf6 14. Bf4 Qe7
15. Rfe1 Rfe8 16. Qf3 Nd7 17. g4 Bxe5 18. dxe5 Bg6 19. Qg3 Nc5 20. Be3 Nxb3 21.
axb3 Red8 22. Red1 Rxd1+ 23. Rxd1 Rd8 24. Rd6 f6 25. c5 Rf8 26. h3 Be4 27. exf6
Qxf6 28. Bd4 Qg5 29. Be3 Qf6 30. Bd4 Qg5 31. Be3 1/2-1/2

[Event "oibm_2008"]
[Site "Bad Wiessee"]
[Date "2008.11.06"]
[Round "6.15"]
[White "Meins, Gerlef"]
[Black "Köpke, Christian"]
[Result "1/2-1/2"]
[WhiteElo "2460"]
[BlackElo "2356"]
[PlyCount "36"]
[EventDate "2008.??.??"]

1. d4 Nf6 2. c4 g6 3. Nc3 d5 4. Nf3 Bg7 5. Bg5 Ne4 6. cxd5 Nxg5 7. Nxg5 e6 8.
Nf3 exd5 9. b4 Qd6 10. a3 c6 11. e3 O-O 12. Be2 Be6 13. O-O Nd7 14. Na4 a5 15.
b5 c5 16. Nxc5 Nxc5 17. dxc5 Qxc5 18. Nd4 Rac8 1/2-1/2

[Event "oibm_2008"]
[Site "Bad Wiessee"]
[Date "2008.11.06"]
[Round "6.16"]
[White "Zude, Arno"]
[Black "Baldauf, Marco"]
[Result "1-0"]
[WhiteElo "2451"]
[BlackElo "2325"]
[PlyCount "85"]
[EventDate "2008.??.??"]

1. e4 e6 2. d4 d5 3. e5 c5 4. c3 Nc6 5. Nf3 Bd7 6. Be2 Nge7 7. O-O Ng6 8. g3 f6
9. exf6 Qxf6 10. Be3 cxd4 11. cxd4 Bd6 12. Nc3 O-O 13. Qd2 Kh8 14. Rad1 Nge7
15. Ng5 Be8 16. f4 Nf5 17. Bf2 Rc8 18. Bg4 Bg6 19. Rfe1 Rfe8 20. Rxe6 Rxe6 21.
Nxd5 Qf8 22. Nxe6 Qf7 23. Nc3 Qxe6 24. d5 Qe7 25. dxc6 Rxc6 26. Nb5 h5 27. Bxf5
Bxf5 28. Nxd6 Bg4 29. Qd5 Bxd1 30. Nf7+ Kh7 31. Ng5+ Kh6 32. Qxd1 Qc7 33. Qd5
Rc1+ 34. Kg2 Qc6 35. Nf7+ Kh7 36. Qxc6 Rxc6 37. Bd4 Rc2+ 38. Kh3 Kg6 39. Ng5
Re2 40. a3 Kh6 41. Be5 Rc2 42. Bc3 a5 43. Ne6 1-0

[Event "oibm_2008"]
[Site "Bad Wiessee"]
[Date "2008.11.06"]
[Round "6.17"]
[White "Pirrot, Dieter"]
[Black "Grant, Jonathan"]
[Result "1-0"]
[WhiteElo "2446"]
[BlackElo "2246"]
[PlyCount "37"]
[EventDate "2008.??.??"]

1. e4 c6 2. d4 d5 3. f3 e6 4. Nc3 Bb4 5. a3 Bxc3+ 6. bxc3 dxe4 7. Qe2 e5 8.
Qxe4 Nf6 9. Qxe5+ Be6 10. Bd3 Nbd7 11. Qd6 Qa5 12. Ne2 O-O-O 13. Qb4 Qb6 14. c4
Rde8 15. c5 Qxb4+ 16. axb4 Kb8 17. Bf4+ Ka8 18. Kf2 h6 19. Rxa7+ 1-0

[Event "oibm_2008"]
[Site "Bad Wiessee"]
[Date "2008.11.06"]
[Round "6.18"]
[White "Kaplan, Sasha"]
[Black "Yuan, Yuanling"]
[Result "0-1"]
[WhiteElo "2425"]
[BlackElo "2157"]
[PlyCount "64"]
[EventDate "2008.??.??"]

1. e4 c5 2. Nf3 d6 3. d4 cxd4 4. Nxd4 Nf6 5. Nc3 g6 6. Be2 Bg7 7. O-O O-O 8.
Bg5 Nc6 9. Nb3 a6 10. f4 b5 11. Bf3 b4 12. Na4 Bd7 13. a3 Qc7 14. Kh1 Rfd8 15.
axb4 Nxb4 16. Nc3 Bc6 17. Qe2 d5 18. e5 d4 19. Bxc6 Qxc6 20. Na2 Nxc2 21. Rad1
Nd5 22. Rc1 d3 23. Qxd3 Nde3 24. Qe2 Nxf1 25. Rxc2 Qxc2 26. Qxc2 Ne3 27. Qe2
Rd1+ 28. Qxd1 Nxd1 29. Bxe7 Rb8 30. Nac1 Nxb2 31. g4 Bf8 32. Bf6 Nc4 0-1

[Event "oibm_2008"]
[Site "Bad Wiessee"]
[Date "2008.11.06"]
[Round "6.19"]
[White "Mayr, Florian"]
[Black "Haub, Thorsten Michael"]
[Result "1/2-1/2"]
[WhiteElo "2069"]
[BlackElo "2454"]
[PlyCount "57"]
[EventDate "2008.??.??"]

1. d4 g6 2. e4 Bg7 3. Nc3 d6 4. Be3 a6 5. Qd2 Nd7 6. f3 h6 7. h4 b5 8. Nge2 e6
9. d5 Ne5 10. Ng3 exd5 11. exd5 Ne7 12. f4 Ng4 13. Bd4 Nf6 14. Nge4 Nf5 15.
Nxf6+ Bxf6 16. Bxf6 Qxf6 17. O-O-O O-O 18. Ne4 Qg7 19. g4 Ne7 20. g5 h5 21. Re1
Kh8 22. Nf6 Nf5 23. Ne8 Qd4 24. Qxd4+ Nxd4 25. Nxc7 Rb8 26. Ne8 Bf5 27. Nxd6
Rbd8 28. Nb7 Rb8 29. Nd6 1/2-1/2

[Event "oibm_2008"]
[Site "Bad Wiessee"]
[Date "2008.11.06"]
[Round "6.20"]
[White "Prusikin, Michael"]
[Black "Keller, Manfred"]
[Result "1-0"]
[WhiteElo "2538"]
[BlackElo "2216"]
[PlyCount "73"]
[EventDate "2008.??.??"]

1. e4 e5 2. Bc4 Nf6 3. d3 d5 4. exd5 Nxd5 5. Nf3 Nc6 6. O-O Bc5 7. Re1 O-O 8.
Bg5 Qd6 9. Nbd2 Bf5 10. Nh4 Bg6 11. Nxg6 Qxg6 12. Bxd5 Qxg5 13. Ne4 Qe7 14. Qh5
Rae8 15. c3 Bb6 16. Re2 h6 17. Rae1 Kh8 18. d4 f6 19. Ng3 Qd7 20. Be4 exd4 21.
Qg6 Rxe4 22. Rxe4 Qf7 23. Qxf7 Rxf7 24. Kf1 Rd7 25. Rd1 d3 26. Nf5 Ne5 27. h3
c5 28. f4 Nc6 29. g3 Bc7 30. c4 Ba5 31. Ne3 Ne7 32. Kf2 a6 33. Kf3 b5 34. Re6
bxc4 35. Nxc4 Nf5 36. Re8+ Kh7 37. Nxa5 1-0

[Event "oibm_2008"]
[Site "Bad Wiessee"]
[Date "2008.11.06"]
[Round "6.21"]
[White "Schatz, Christian"]
[Black "Hoffmann, Michael"]
[Result "0-1"]
[WhiteElo "2204"]
[BlackElo "2469"]
[PlyCount "105"]
[EventDate "2008.??.??"]

1. Nf3 Nf6 2. d4 e6 3. g3 b5 4. Bg2 Bb7 5. O-O c5 6. a4 b4 7. c4 Na6 8. b3 Be7
9. Bb2 O-O 10. Nbd2 cxd4 11. Bxd4 Nc5 12. Qc2 Qc7 13. Ng5 g6 14. Nge4 Nfxe4 15.
Nxe4 Nxe4 16. Bxe4 d5 17. cxd5 Qxc2 18. Bxc2 Bxd5 19. e4 Bb7 20. Rad1 Rfc8 21.
Bd3 Bc5 22. Bf6 Bf8 23. f3 Bg7 24. Bxg7 Kxg7 25. Bc4 Kf6 26. Rd6 Ke7 27. Rfd1
Rc7 28. Kf2 Rb8 29. R6d2 Bc6 30. Rc1 Bd7 31. Rdc2 Rbc8 32. Ke3 e5 33. Kd3 Bh3
34. Ke3 Rc5 35. Bd3 Rxc2 36. Rxc2 Rxc2 37. Bxc2 Be6 38. f4 Kd6 39. Bd1 f6 40.
Bc2 exf4+ 41. gxf4 Kc5 42. h4 h6 43. f5 gxf5 44. exf5 Bf7 45. Ke4 Bh5 46. Bd3
Bd1 47. Bc4 Bc2+ 48. Ke3 Bxf5 49. Bf7 a5 50. Bc4 Kd6 51. Be2 Be6 52. Bd1 Ke5
53. Bc2 0-1

[Event "oibm_2008"]
[Site "Bad Wiessee"]
[Date "2008.11.06"]
[Round "6.23"]
[White "Devereaux, Maxim"]
[Black "Wichmann, Daniel"]
[Result "1-0"]
[WhiteElo "2415"]
[BlackElo "2197"]
[PlyCount "99"]
[EventDate "2008.??.??"]

1. d4 f5 2. Nc3 d5 3. Bg5 g6 4. Qd2 Bg7 5. f3 h6 6. Bf4 Nf6 7. O-O-O Be6 8. h4
c6 9. Nh3 Nbd7 10. Kb1 b5 11. e3 Bf7 12. Bd3 Nb6 13. Be5 b4 14. Ne2 a5 15. Nef4
Nc4 16. Qc1 a4 17. g4 b3 18. cxb3 axb3 19. axb3 fxg4 20. bxc4 gxh3 21. Bxg6 Qa5
22. Qc3 Qa2+ 23. Kc2 dxc4 24. Ra1 Qxa1 25. Bxf7+ Kxf7 26. Qxc4+ Nd5 27. Rxa1
Rxa1 28. Nxd5 Bxe5 29. Nf4+ Kg7 30. Nxh3 Bf6 31. Nf4 Rb8 32. Nh5+ Kg6 33. Qd3+
Kf7 34. Qh7+ Ke6 35. Qe4+ Kf7 36. Nxf6 exf6 37. Qxc6 Ra7 38. Kc3 Kg7 39. Qc5
Rbb7 40. Kd3 Ra2 41. b4 Rb2 42. Kc3 Rb1 43. Qd6 h5 44. e4 Rc1+ 45. Kd3 Rb1 46.
e5 R7xb4 47. Qxf6+ Kh7 48. Qe7+ Kg8 49. Qd8+ Kf7 50. Ke4 1-0

[Event "oibm_2008"]
[Site "Bad Wiessee"]
[Date "2008.11.06"]
[Round "6.24"]
[White "Schulz, Juergen"]
[Black "Reutsky, Sergei"]
[Result "0-1"]
[WhiteElo "2197"]
[BlackElo "2411"]
[PlyCount "90"]
[EventDate "2008.??.??"]

1. d4 f5 2. Nf3 Nf6 3. g3 g6 4. Bg2 Bg7 5. c3 O-O 6. O-O d6 7. Qb3+ e6 8. Ng5
d5 9. Nf3 b6 10. Ne5 Ba6 11. Re1 Nbd7 12. Bg5 Qe8 13. Qa4 Nxe5 14. Qxa6 Nf7 15.
Bxf6 Bxf6 16. f4 Qd7 17. e3 c5 18. Bf1 Rac8 19. Qe2 Nd6 20. Nd2 Rc7 21. Qg2 Qg7
22. Nf3 g5 23. Bd3 g4 24. Ne5 c4 25. Bc2 Bxe5 26. dxe5 Nb7 27. Qd2 Nc5 28. Red1
a5 29. b4 axb4 30. cxb4 Na6 31. Qc3 Qe7 32. Rab1 Ra7 33. a4 Nb8 34. Rd2 Nc6 35.
Bd1 h5 36. Rdb2 Rd8 37. Rd2 Kg7 38. Bc2 Rad7 39. Rd4 Nxd4 40. exd4 h4 41. Bd1
Rh8 42. Be2 hxg3 43. hxg3 Ra7 44. Bd1 Rh3 45. Rb2 Qh4 0-1

[Event "oibm_2008"]
[Site "Bad Wiessee"]
[Date "2008.11.06"]
[Round "6.25"]
[White "König, Dietrich"]
[Black "Stavrianakis, Ioannis"]
[Result "0-1"]
[WhiteElo "2353"]
[BlackElo "2192"]
[PlyCount "72"]
[EventDate "2008.??.??"]

1. d4 Nf6 2. Nf3 e6 3. c4 b6 4. e3 Ba6 5. Bd3 c5 6. O-O d6 7. Nc3 Nbd7 8. d5
exd5 9. cxd5 Bxd3 10. Qxd3 Be7 11. e4 O-O 12. h3 a6 13. a4 Re8 14. Rb1 Qc7 15.
Be3 Bf8 16. b4 cxb4 17. Rxb4 Nc5 18. Qb1 Nfd7 19. Rd1 Rac8 20. e5 dxe5 21. d6
Qc6 22. Ng5 g6 23. Nd5 h6 24. Nxb6 hxg5 25. Bxc5 Nxc5 26. Nxc8 Rxc8 27. Rb8
Rxb8 28. Qxb8 Qxa4 29. Rc1 Ne4 30. d7 Qxd7 31. Qxe5 Qf5 32. Qxf5 gxf5 33. Kf1
a5 34. f3 Nd2+ 35. Ke2 Nb3 36. Rc4 Nc5 0-1

[Event "oibm_2008"]
[Site "Bad Wiessee"]
[Date "2008.11.06"]
[Round "6.26"]
[White "Tennstedt, Andreas"]
[Black "de Francesco, Klaus"]
[Result "0-1"]
[WhiteElo "2193"]
[BlackElo "2345"]
[PlyCount "96"]
[EventDate "2008.??.??"]

1. c4 Nf6 2. Nc3 e5 3. g3 Bb4 4. Bg2 O-O 5. d3 Bxc3+ 6. bxc3 d6 7. e3 Re8 8. e4
Be6 9. Nf3 h6 10. O-O Qd7 11. Nd2 Bh3 12. Qe2 Bxg2 13. Kxg2 Nc6 14. Nb3 Ne7 15.
f4 Ng6 16. Be3 c6 17. fxe5 dxe5 18. Bxh6 Nxe4 19. Qxe4 gxh6 20. Rab1 b6 21. Rf3
Rf8 22. Rbf1 f5 23. Rxf5 Nf4+ 24. R5xf4 exf4 25. Rxf4 Rxf4 26. Qg6+ Qg7 27.
Qxg7+ Kxg7 28. gxf4 Kf6 29. Kf3 Rg8 30. c5 Rg1 31. Nd4 bxc5 32. Nxc6 Ra1 33.
Nxa7 Rxa2 34. Nc6 Ra3 35. Ke4 Rxc3 36. Ne5 h5 37. h3 Rc1 38. Nf3 c4 39. dxc4
Rxc4+ 40. Ke3 Ra4 41. Ng1 Kf5 42. Kf3 Ra3+ 43. Kg2 Kxf4 44. Ne2+ Ke3 45. Ng3
Ra2+ 46. Kg1 Ra5 47. Kg2 h4 48. Nf1+ Kf4 0-1

[Event "oibm_2008"]
[Site "Bad Wiessee"]
[Date "2008.11.06"]
[Round "6.27"]
[White "Kick, Joachim"]
[Black "Cordts, Ingo"]
[Result "1/2-1/2"]
[WhiteElo "2190"]
[BlackElo "2323"]
[PlyCount "74"]
[EventDate "2008.??.??"]

1. Nf3 Nf6 2. c4 c5 3. Nc3 b6 4. g3 Bb7 5. Bg2 e6 6. O-O Be7 7. Re1 Ne4 8. Nxe4
Bxe4 9. d3 Bb7 10. e4 d6 11. d4 cxd4 12. Nxd4 O-O 13. b3 a6 14. a4 Qc7 15. Ba3
Nd7 16. Rc1 Rfe8 17. f4 Bf8 18. b4 Rad8 19. Nb3 Qc6 20. Nd4 Qc8 21. Nb3 Qc6 22.
Nd4 Qc7 23. Nb3 a5 24. bxa5 bxa5 25. Qd2 Qb6+ 26. Nd4 e5 27. c5 Nxc5 28. Rb1
Qa6 29. Nb5 exf4 30. gxf4 Rc8 31. Qd4 d5 32. e5 Qg6 33. Nd6 Ne6 34. Qf2 Rc2 35.
f5 Qxg2+ 36. Qxg2 Rxg2+ 37. Kxg2 Nf4+ 1/2-1/2

[Event "oibm_2008"]
[Site "Bad Wiessee"]
[Date "2008.11.06"]
[Round "6.29"]
[White "Astengo, Corrado"]
[Black "Lupor, Andre"]
[Result "1/2-1/2"]
[WhiteElo "2172"]
[BlackElo "2321"]
[PlyCount "90"]
[EventDate "2008.??.??"]

1. e4 c5 2. Nf3 Nc6 3. d4 cxd4 4. Nxd4 Nf6 5. Nc3 e5 6. Ndb5 d6 7. Bg5 a6 8.
Na3 b5 9. Bxf6 gxf6 10. Nd5 f5 11. c3 Bg7 12. exf5 Bxf5 13. Nc2 O-O 14. Nce3
Be6 15. Bd3 f5 16. O-O Kh8 17. a4 b4 18. cxb4 e4 19. Nf4 Bd7 20. Bc4 Bxb2 21.
Qxd6 Bxa1 22. Rxa1 Qf6 23. Rd1 Qxd6 24. Rxd6 Ne5 25. Bxa6 Bxa4 26. h3 Rab8 27.
Rd5 Ng6 28. Ne6 Rf6 29. Nc5 Ne7 30. Re5 Nc6 31. Rxf5 Rxf5 32. Nxf5 Nxb4 33.
Nxa4 Nxa6 34. Nc3 Nc5 35. Nd6 Rb4 36. Kf1 Rd4 37. Ndb5 Rd2 38. Nc7 Kg8 39. N7d5
Kf7 40. Ne3 Ke6 41. g4 Rd3 42. Ne2 Rd2 43. Nc3 Rd3 44. Ne2 Rd2 45. Nc3 Rd3
1/2-1/2

[Event "oibm_2008"]
[Site "Bad Wiessee"]
[Date "2008.11.06"]
[Round "6.31"]
[White "Valenti, Giuseppe"]
[Black "Löw, Gerald"]
[Result "0-1"]
[WhiteElo "2162"]
[BlackElo "2307"]
[PlyCount "58"]
[EventDate "2008.??.??"]

1. e4 c5 2. Nf3 g6 3. d4 cxd4 4. Nxd4 Bg7 5. Be3 Nc6 6. Nc3 Nf6 7. Bc4 O-O 8.
Bb3 a5 9. f3 d5 10. Bxd5 Nxd5 11. Nxd5 f5 12. Nxc6 bxc6 13. Nb6 Rb8 14. Qxd8
Rxd8 15. O-O Ba6 16. Rfd1 Bxb2 17. Rab1 Bg7 18. Kf2 fxe4 19. fxe4 Be5 20. Na4
Bc4 21. a3 Kf7 22. Nc5 Rxd1 23. Rxd1 Rb2 24. Rc1 Ra2 25. a4 Bb2 26. Rd1 Ba3 27.
Rd2 Bb4 28. Rd7 Rxc2+ 29. Kf3 Be2+ 0-1

[Event "oibm_2008"]
[Site "Bad Wiessee"]
[Date "2008.11.06"]
[Round "6.32"]
[White "Jussupow, Ekaterina"]
[Black "Graf, Felix"]
[Result "1-0"]
[WhiteElo "2140"]
[BlackElo "2287"]
[PlyCount "63"]
[EventDate "2008.??.??"]

1. d4 c5 2. e3 e6 3. Nf3 Nf6 4. Nbd2 Nc6 5. b3 cxd4 6. exd4 Qa5 7. Bd3 Nxd4 8.
O-O Nc6 9. Nc4 Qc7 10. Bb2 Be7 11. Re1 d6 12. a4 h6 13. Qd2 O-O 14. Rad1 e5 15.
Nh4 Ne8 16. Nf5 Bg5 17. Qe2 Bxf5 18. Bxf5 Rd8 19. g3 g6 20. Be4 Ng7 21. h4 Bf6
22. Ne3 Be7 23. Nd5 Qc8 24. f4 Rfe8 25. Kh2 f5 26. Bg2 exf4 27. Nxf4 Kh7 28.
Bxc6 bxc6 29. Qc4 Bf8 30. Qf7 g5 31. Qg6+ Kg8 32. Nh5 1-0

[Event "oibm_2008"]
[Site "Bad Wiessee"]
[Date "2008.11.06"]
[Round "6.34"]
[White "Bigalke, Tobias"]
[Black "Stabolewski, Andreas"]
[Result "0-1"]
[WhiteElo "2101"]
[BlackElo "2277"]
[PlyCount "54"]
[EventDate "2008.??.??"]

1. e4 c5 2. Nf3 Nc6 3. d4 cxd4 4. Nxd4 Nf6 5. Nc3 d6 6. Be2 e5 7. Nb3 Be7 8.
O-O O-O 9. Kh1 a5 10. a4 Nb4 11. Bg5 Be6 12. f4 h6 13. Bxf6 Bxf6 14. Nd5 exf4
15. c3 Nxd5 16. exd5 Bd7 17. Nc1 Re8 18. Bg4 Re4 19. Nd3 Bg5 20. Nf2 Re5 21.
Qb3 Bxg4 22. Nxg4 Re2 23. Qc4 Qe7 24. b4 f5 25. Nf2 f3 26. gxf3 Qe3 27. Nd1 Qd2
0-1

[Event "oibm_2008"]
[Site "Bad Wiessee"]
[Date "2008.11.06"]
[Round "6.35"]
[White "Raykhman, Alexander"]
[Black "Obers, Frits"]
[Result "1/2-1/2"]
[WhiteElo "2262"]
[BlackElo "2097"]
[PlyCount "43"]
[EventDate "2008.??.??"]

1. e4 c5 2. Nf3 g6 3. d4 cxd4 4. Nxd4 Nc6 5. Nc3 Bg7 6. Nde2 Nf6 7. g3 b5 8.
Bg2 Rb8 9. O-O O-O 10. h3 d6 11. Nd5 a6 12. Nxf6+ Bxf6 13. a3 Bb7 14. c3 a5 15.
Bf4 e5 16. Be3 Ne7 17. a4 Bc6 18. axb5 Bxb5 19. Qd2 Qc7 20. Rfd1 Rfd8 21. Ra3
Bc4 22. Qc2 1/2-1/2

[Event "oibm_2008"]
[Site "Bad Wiessee"]
[Date "2008.11.06"]
[Round "6.36"]
[White "Brychcy, Felix"]
[Black "Stanetzek, Carsten"]
[Result "0-1"]
[WhiteElo "2101"]
[BlackElo "2259"]
[PlyCount "64"]
[EventDate "2008.??.??"]

1. d4 d5 2. c4 c6 3. Nf3 Nf6 4. Nc3 dxc4 5. a4 Bf5 6. Ne5 e6 7. f3 Nbd7 8. e4
Bg6 9. Nxc4 Bb4 10. Bf4 O-O 11. Be2 Nh5 12. Be3 Qc7 13. e5 b5 14. Nd2 f6 15. f4
fxe5 16. Bxh5 exd4 17. Bxd4 Qxf4 18. Qg4 Ne5 19. Qxe6+ Kh8 20. Qxe5 Rae8 21.
Bxg6 Rxe5+ 22. Bxe5 Qxe5+ 23. Be4 Bxc3 24. bxc3 Qxc3 25. Ke2 b4 26. Rac1 Qd4
27. Rhf1 Rd8 28. Rfd1 b3 29. Bxc6 b2 30. Rb1 Qd3+ 31. Kf2 Qc2 32. Ke3 Qxc6 0-1

[Event "oibm_2008"]
[Site "Bad Wiessee"]
[Date "2008.11.06"]
[Round "6.37"]
[White "Schwarz, Hans"]
[Black "Krahe, Frank"]
[Result "1/2-1/2"]
[WhiteElo "2084"]
[BlackElo "2230"]
[PlyCount "53"]
[EventDate "2008.??.??"]

1. e4 c6 2. Nc3 d5 3. exd5 cxd5 4. d4 Nc6 5. Nf3 Bg4 6. Be2 e6 7. Be3 a6 8. O-O
Bd6 9. h3 Bh5 10. a3 Nge7 11. b4 b5 12. Nd2 Bxe2 13. Nxe2 O-O 14. Nb3 Nf5 15.
Qd2 Qg5 16. Nc5 Qg6 17. Qd3 Rfe8 18. Bf4 Bxf4 19. Nxf4 Qf6 20. c3 Nfxd4 21.
Nxd5 exd5 22. cxd4 Nxd4 23. Rae1 h6 24. Nxa6 Qxa6 25. Qxd4 Qxa3 26. Qxd5 Qxb4
27. Rb1 1/2-1/2

[Event "oibm_2008"]
[Site "Bad Wiessee"]
[Date "2008.11.06"]
[Round "6.38"]
[White "Ranft, Steffen"]
[Black "Mons, Leon"]
[Result "0-1"]
[WhiteElo "2222"]
[BlackElo "2082"]
[PlyCount "80"]
[EventDate "2008.??.??"]

1. d4 g6 2. e4 Bg7 3. Nf3 d6 4. Bd3 Nf6 5. h3 O-O 6. O-O Nc6 7. c3 e5 8. Nbd2
h6 9. Re1 Nh5 10. Nc4 exd4 11. cxd4 Nxd4 12. Nxd4 Bxd4 13. Bxh6 Bg7 14. Qd2
Bxh6 15. Qxh6 Qf6 16. Ne3 c6 17. Nf5 Ng7 18. g4 Ne8 19. e5 dxe5 20. g5 Qe6 21.
Re4 gxf5 22. g6 Qxg6+ 23. Rg4 fxg4 24. Bxg6 fxg6 25. Qxg6+ Ng7 26. Re1 Bf5 27.
Qg5 gxh3 28. Kh2 Rae8 29. Rg1 Rf7 30. Qh6 Re6 31. Qh4 Ref6 32. Rd1 Rf8 33. Rd2
Be6 34. b3 Rg6 35. f3 Rxf3 36. Rd8+ Kf7 37. Rd2 Rf4 38. Qe1 Rg5 39. Rf2 Rxf2+
40. Qxf2+ Kg8 0-1

[Event "oibm_2008"]
[Site "Bad Wiessee"]
[Date "2008.11.06"]
[Round "6.40"]
[White "Jänig, Reinhard"]
[Black "Deglmann, Ludwig"]
[Result "1-0"]
[WhiteElo "2140"]
[BlackElo "2342"]
[PlyCount "91"]
[EventDate "2008.??.??"]

1. e4 g6 2. d4 Bg7 3. Nc3 d6 4. Nf3 a6 5. Be2 Nf6 6. O-O e6 7. Re1 h6 8. h3 Nc6
9. Bf4 Ne7 10. e5 Nfd5 11. Nxd5 Nxd5 12. Bh2 b5 13. exd6 cxd6 14. c3 O-O 15. a4
Rb8 16. axb5 axb5 17. Qb3 Qb6 18. Nd2 Rd8 19. Ne4 Nf6 20. Nd2 Nd5 21. Qa2 Bb7
22. Qa5 b4 23. Qxb6 Nxb6 24. Ra7 Nc8 25. Ra4 Bc6 26. Ra6 Bb7 27. Ra5 Ra8 28.
Rxa8 Bxa8 29. Ra1 Bb7 30. Ra4 bxc3 31. bxc3 Bc6 32. Rb4 Ne7 33. Rb6 e5 34. dxe5
dxe5 35. Nc4 Rd5 36. Ne3 Rd2 37. Bc4 e4 38. Rb8+ Kh7 39. Bxf7 Bxc3 40. g4 Kg7
41. Be8 Bxe8 42. Rxe8 Kf7 43. Rb8 Bd4 44. Rb7 Ke6 45. Bf4 g5 46. Rxe7+ 1-0

[Event "oibm_2008"]
[Site "Bad Wiessee"]
[Date "2008.11.07"]
[Round "7.11"]
[White "Köpke, Christian"]
[Black "Prusikin, Michael"]
[Result "0-1"]
[WhiteElo "2356"]
[BlackElo "2538"]
[PlyCount "80"]
[EventDate "2008.??.??"]

1. e4 e6 2. d4 d5 3. Nc3 Nf6 4. e5 Nfd7 5. f4 c5 6. Nf3 Nc6 7. Be3 Rb8 8. Qd2
Qa5 9. a3 b5 10. Ra2 Be7 11. Be2 c4 12. O-O Nb6 13. b4 Qa6 14. Raa1 Bd7 15. Bf2
O-O 16. g4 f6 17. exf6 Bxf6 18. Nd1 Rbd8 19. c3 Nc8 20. Bg3 Nd6 21. Nf2 Qb6 22.
Kh1 Ne4 23. Nxe4 dxe4 24. Ne5 Nxe5 25. fxe5 Bc6 26. Kg1 Be7 27. Bf4 a5 28. Be3
Bd5 29. Bg5 Qc7 30. Bxe7 Qxe7 31. Rxf8+ Rxf8 32. Rf1 Rxf1+ 33. Bxf1 axb4 34.
axb4 Qh4 35. Qf4 Qe1 36. Qg5 h6 37. Qg6 Qe3+ 38. Kg2 Qf3+ 39. Kg1 e3 40. Qe8+
Kh7 0-1

[Event "oibm_2008"]
[Site "Bad Wiessee"]
[Date "2008.11.07"]
[Round "7.12"]
[White "Jaracz, Pawel"]
[Black "de Francesco, Klaus"]
[Result "1-0"]
[WhiteElo "2513"]
[BlackElo "2345"]
[PlyCount "55"]
[EventDate "2008.??.??"]

1. e4 e6 2. d4 d5 3. Nc3 Bb4 4. e5 c5 5. a3 Ba5 6. b4 cxd4 7. Nb5 Bc7 8. f4 Bd7
9. Nxc7+ Qxc7 10. Bd3 Ne7 11. Nf3 Nbc6 12. O-O g6 13. Qe2 a6 14. Bd2 Nf5 15.
Rfb1 O-O 16. a4 Nce7 17. b5 a5 18. Be1 Qc5 19. Bf2 Rfc8 20. g4 Ne3 21. Nxd4
Qxd4 22. Bxe3 Qc3 23. Qf2 Qc7 24. b6 Qb8 25. Qh4 Re8 26. Rf1 Qc8 27. Rf3 Qc3
28. Raf1 1-0